[Event "9th UIL&UL GM"]
[Site "Dahka BAN"]
[Date "2009.08.26"]
[Round "7"]
[White "Neelotpal,D"]
[Black "Khusnutdinov,R"]
[Result "1/2-1/2"]
[WhiteElo "2474"]
[BlackElo "2506"]

1.d4 Nf6 2.Nf3 e6 3.c4 Bb4+ 4.Nc3 c5 5.g3 Nc6 6.Bg2 Ne4 7.Bd2 Bxc3 8.Bxc3 Nxc3
9.bxc3 d6 10.O-O O-O 11.Qc2 h6 12.Rfd1 Qc7 13.Qe4 Na5 14.dxc5 Qxc5 15.Nd2 Qc7
16.Rab1 Rd8 17.Qd3 Rb8 18.Rb4 Nc6 19.Ra4 Ne5 20.Qe3 b6 21.h3 Bd7 22.Ra3 Rbc8
23.f4 Nc6 24.Nb3 Be8 25.Kh2 Na5 26.Nxa5 bxa5 27.Rb3 a4 28.Rb2 Qxc4 29.Qxa7 Qxc3
30.Rbd2 Qb4 31.Rd4 Qa3 32.R1d2 Qe3 33.Qa5 Rc1 34.h4 Rb8 35.Rxd6 Rg1 36.Qh5 Rgb1
37.Qf3 Qxf3 38.Bxf3 Kf8 39.Kg2 R8b2 40.Kf2 a3 41.Ke3 Ra1 42.R2d3 Rbxa2 43.Rd8 Ke7
44.Ra8 Bb5 45.Rc3 Bxe2 46.Ra7+ Kf6 47.Rcc7 Bxf3 48.Kxf3 Rf1+ 49.Kg4 h5+ 50.Kxh5 Kf5
51.Rxf7+ Ke4 52.Rxg7 Kf3 53.Rg6 Raa1 54.Rxe6 Kxg3 55.Rea6 Kxf4 56.Ra4+ Kf5
57.Rxa3  1/2-1/2

[Event "9th UIL&UL GM"]
[Site "Dahka BAN"]
[Date "2009.08.28"]
[Round "9"]
[White "Lahiri,A"]
[Black "Khusnutdinov,R"]
[Result "0-1"]
[WhiteElo "2361"]
[BlackElo "2506"]

1.d4 Nf6 2.c4 e6 3.Nc3 Bb4 4.Nf3 c5 5.e3 cxd4 6.exd4 d5 7.Bd3 O-O 8.O-O dxc4
9.Bxc4 Nbd7 10.Bg5 Bxc3 11.bxc3 b6 12.Ne5 Qc7 13.Nxd7 Nxd7 14.Qd3 Bb7 15.Bb3 Rfe8
16.Rfe1 Nf8 17.Bh4 Rac8 18.Rac1 Qd7 19.f3 b5 20.c4 bxc4 21.Bxc4 Ng6 22.Bg3 Ne7
23.Bb5 Nc6 24.Red1 Red8 25.Rc5 Qxd4+ 26.Qxd4 Nxd4 27.Rxc8 Bxc8 28.Kf2 f6
29.Bc7 Rd5 30.Ba4 Bb7 31.Bb8 a6 32.Rc1 Ra5 33.Rc4 Nb5 34.Rb4 Bd5 35.Bxb5 axb5
36.Kg3 Bc4 37.Rb2 Ra6 38.Bf4 e5 39.Bc1 Rxa2 40.Rxa2 Bxa2 41.Ba3 Kf7 42.Kf2 g5
43.Ke3 Ke6 44.Kd2 Bd5 45.h3 e4 46.fxe4 Bxe4 47.g3 Bg2 48.h4 gxh4 49.gxh4 Be4
50.Ke3 Kd5 51.Bb2 f5 52.h5 Kc4 53.Be5 b4 54.Kd2 Kd5 55.Bc7 b3 56.Kc3 Bc2  0-1

[Event "Open"]
[Site "Bratto ITA"]
[Date "2009.08.29"]
[Round "9"]
[White "Chatalbashev,B"]
[Black "Romanishin,O"]
[Result "1-0"]
[WhiteElo "2548"]
[BlackElo "2503"]

1.d4 Nf6 2.c4 e6 3.Nc3 Bb4 4.Nf3 c5 5.g3 Ne4 6.Qd3 Qa5 7.Qxe4 Bxc3+ 8.Bd2 Bxd2+
9.Nxd2 O-O 10.dxc5 Na6 11.Bg2 Nxc5 12.Qb1 Na4 13.Qc2 d5 14.O-O Bd7 15.b3 Nc3
16.Rfe1 Bc6 17.b4 Qa3 18.b5 Be8 19.Qd3 Qa5 20.Rec1 Na4 21.Rab1 Rc8 22.Qd4 Qb6
23.e3 Qxd4 24.exd4 dxc4 25.Nxc4 Rd8 26.Rb4 a6 27.b6 Rxd4 28.Bxb7 Bb5 29.Bxa6 Bxa6
30.Rxa4 Bb5 31.Rb4 Bc6 32.b7 Rb8 33.Na5 Rxb4 34.Rxc6 Rf8 35.Rc7 g5 36.Nc6 Rb1+
37.Kg2 Kg7 38.a4  1-0

[Event "2nd WTeam w"]
[Site "Ningbo CHN"]
[Date "2009.09.02"]
[Round "1"]
[White "Romanko,M"]
[Black "Zdebskaja,N"]
[Result "1/2-1/2"]
[WhiteElo "2453"]
[BlackElo "2410"]

1.d4 Nf6 2.c4 e6 3.Nc3 Bb4 4.Nf3 d5 5.cxd5 exd5 6.Bg5 Nbd7 7.e3 c5 8.Bd3 Qa5
9.Qc2 c4 10.Bf5 O-O 11.O-O Re8 12.Nd2 g6 13.Bxd7 Nxd7 14.Rae1 Nb6 15.f3 Bxc3
16.bxc3 Na4 17.Rc1 f6 18.Bh6 b5 19.h4 Qc7 20.Bf4 Qf7 21.e4 Nb6 22.Rb1 Bd7
23.Rf2 Re6 24.Nf1 Rae8 25.Ng3 Bc6 26.Re2 a5 27.h5 R8e7 28.a3 Qe8 29.Rbe1 Kf7
30.Kf2 Kg8 31.Kg1 Bb7  1/2-1/2

[Event "2nd WTeam w"]
[Site "Ningbo CHN"]
[Date "2009.09.02"]
[Round "1"]
[White "Huang Qian"]
[Black "Wang Xiaohui"]
[Result "1-0"]
[WhiteElo "2424"]
[BlackElo "2223"]

1.d4 Nf6 2.c4 e6 3.Nc3 Bb4 4.Nf3 b6 5.Bg5 Bb7 6.Nd2 h6 7.Bh4 O-O 8.Qc2 d6
9.e4 Nbd7 10.a3 Bxc3 11.bxc3 Re8 12.Be2 c5 13.f3 cxd4 14.cxd4 Qc7 15.O-O e5
16.Qb2 Nh5 17.Rfd1 Nf4 18.Bf1 Rac8 19.Bf2 exd4 20.Bxd4 Ne5 21.a4 Ne6 22.Bf2 Ba6
23.a5 Nc5 24.Qc3 Rb8 25.axb6 Rxb6 26.Be2 Nc6 27.Nf1 Bc8 28.Ne3 Be6 29.Nd5 Bxd5
30.cxd5 Ne5 31.Ra5 Ned7 32.Bb5 Rc8 33.Qa3 a6 34.Bxd7 Qxd7 35.Bxc5 dxc5 36.Rxc5 Rxc5
37.Qxc5 Rb5 38.Qd4 a5 39.d6 Rb7 40.e5 a4 41.Qc5 Ra7 42.Rd3 Qb7 43.Kf2 a3
44.d7 Qb2+ 45.Kg3 Rxd7 46.Rxd7 a2 47.Qd5  1-0

[Event "XIX EYCC Boys U18"]
[Site "Fermo ITA"]
[Date "2009.09.03"]
[Round "4"]
[White "Anton,T"]
[Black "Kourousis,E"]
[Result "1-0"]
[WhiteElo "2379"]
[BlackElo "2237"]

1.d4 Nf6 2.c4 e6 3.Nc3 Bb4 4.Nf3 O-O 5.g3 b6 6.Bg2 Bb7 7.O-O Re8 8.Qc2 a5
9.b3 Bxc3 10.Qxc3 d6 11.Bb2 Be4 12.Nd2 Bxg2 13.Kxg2 c5 14.dxc5 bxc5 15.Rad1 e5
16.Nb1 Nc6 17.Qd2 Re6 18.Nc3 Qd7 19.e3 Rae8 20.f3 Nd4 21.exd4 exd4 22.Ne4 Nxe4
23.fxe4 Rxe4 24.Rf2 h5 25.Rdf1 h4 26.Bc1 hxg3 27.hxg3 Qc6 28.Kg1 Re3 29.Rg2 R3e6
30.Qd3 a4 31.Rh2 Rg6 32.Rhf2 Qb7 33.bxa4 Re7 34.Qf3 Qd7 35.a5 Qh3 36.Bf4 Re3
37.Qa8+ Kh7 38.Rh2 Rexg3+ 39.Bxg3 Rxg3+ 40.Kh1  1-0

[Event "XIX EYCC Boys U16"]
[Site "Fermo ITA"]
[Date "2009.09.03"]
[Round "4"]
[White "Pecurica,M"]
[Black "Nestorovic,L"]
[Result "0-1"]
[WhiteElo "2010"]
[BlackElo "2240"]

1.d4 Nf6 2.c4 e6 3.Nc3 Bb4 4.Nf3 b6 5.Bg5 Bb7 6.Nd2 h6 7.Bh4 Bxc3 8.bxc3 d6
9.f3 Nbd7 10.e4 e5 11.Bd3 O-O 12.Nf1 Re8 13.Ne3 Nf8 14.Bf2 Ne6 15.Bf1 Qd7
16.g3 Ng5 17.d5 Nh3 18.Nf5 Nxf2 19.Kxf2 a5 20.a4 Qd8 21.h4 Bc8 22.Ne3 g6
23.Bh3 Bxh3 24.Rxh3 Nh5 25.Ng4 Kg7 26.Qd2 Rh8 27.Ne3 Qd7 28.g4 Nf4 29.Rg3 Rag8
30.Ng2 Nxg2 31.Rxg2 Kf8 32.Qc2 Ke8 33.Qb3 f5 34.exf5 gxf5 35.g5 hxg5 36.hxg5 Rg6
37.c5 dxc5 38.Re1 Qd6 39.c4 Kd8 40.Qd3 Rf8 41.Qe3 e4 42.f4 Rh8 43.Qg3 Qd7
44.Qc3 Qg7 45.Qxg7 Rxg7 46.Reg1 Ke7 47.Ke3 Kf7 48.Rg3 Rg6 49.R1g2 Rgg8 50.Rd2 Rd8
51.Rdg2 Rh1 52.g6+ Kg7 53.Rg5 Rf8 54.Rg1 Rh4 55.R1g2 Rf6 56.Rg1 Rh3+ 57.R1g3 Rxg3+  0-1

[Event "6th LGA Premium Cup"]
[Site "Nuernberg GER"]
[Date "2009.09.05"]
[Round "5"]
[White "Jahnel,G"]
[Black "Kunin,V"]
[Result "1-0"]
[WhiteElo "2343"]
[BlackElo "2532"]

1.d4 Nf6 2.c4 e6 3.Nc3 Bb4 4.Nf3 c5 5.e3 Bxc3+ 6.bxc3 d6 7.Bd3 Nc6 8.O-O O-O
9.Ng5 h6 10.Ne4 Nxe4 11.Bxe4 Qc7 12.Bc2 b6 13.Qd3 f5 14.e4 cxd4 15.exf5 e5
16.f6 Rxf6 17.Qh7+ Kf7 18.f4 Bb7 19.Bg6+ Ke6 20.f5+ Kd7 21.Qxg7+ Ne7 22.Qxf6 dxc3
23.Qe6+ Kc6 24.Bh5 b5 25.Be3 e4 26.f6  1-0

[Event "XIX EYCC Boys U18"]
[Site "Fermo ITA"]
[Date "2009.09.06"]
[Round "6"]
[White "Anton,T"]
[Black "Botta,Ga"]
[Result "1-0"]
[WhiteElo "2379"]
[BlackElo "2228"]

1.d4 Nf6 2.c4 e6 3.Nc3 Bb4 4.Nf3 b6 5.Bg5 Bb7 6.Nd2 c5 7.d5 h6 8.Bh4 Bxc3
9.bxc3 d6 10.e4 e5 11.Be2 Nbd7 12.O-O g5 13.Bg3 h5 14.f3 h4 15.Bf2 Qe7 16.Qa4 Kd8
17.Rfe1 Nh5 18.Nf1 Kc7 19.Ne3 Ng7 20.Qb5 a6 21.Qb2 Kb8 22.Rab1 Ka7 23.Bd1 Rab8
24.Ba4 Bc8 25.Bc6 Nf8 26.Qa3 h3 27.g4 Qf6 28.Nf5 Nxf5 29.exf5 Ng6 30.Bg3 Bxf5
31.gxf5 Qxf5 32.Rb3 a5 33.Rb5 Ka6 34.Reb1 Qc8 35.R1b3 Ne7 36.Rxb6+  1-0

[Event "ch-RUS HL"]
[Site "Ulan Ude RUS"]
[Date "2009.09.07"]
[Round "6"]
[White "Landa,K"]
[Black "Anisimov,P2"]
[Result "1-0"]
[WhiteElo "2655"]
[BlackElo "2518"]

1.d4 Nf6 2.c4 e6 3.Nc3 Bb4 4.Nf3 c5 5.g3 Ne4 6.Bd2 Bxc3 7.bxc3 O-O 8.Bg2 Nc6
9.O-O d6 10.Be3 f5 11.Qd3 Qf6 12.Rfd1 Rd8 13.Rab1 b6 14.Nd2 d5 15.cxd5 exd5
16.dxc5 Nxc3 17.Bg5 Qxg5 18.Qxc3 Ne7 19.Nf3 Qf6 20.Qxf6 gxf6 21.Rdc1 f4 22.Nd4 fxg3
23.hxg3 Bf5 24.Rb2 bxc5 25.Nxf5 Nxf5 26.Rxc5 Rab8 27.Bxd5+ Kh8 28.Rxb8 Rxb8
29.Rc7 a5 30.Be4 Nd6 31.Bd3 f5 32.Ra7  1-0

[Event "4th Kolkata Open"]
[Site "Kolkata IND"]
[Date "2009.09.10"]
[Round "10"]
[White "Gagunashvili,M"]
[Black "Kunte,A"]
[Result "1/2-1/2"]
[WhiteElo "2564"]
[BlackElo "2515"]

1.d4 Nf6 2.c4 e6 3.Nf3 Bb4+ 4.Nc3 c5 5.e3 O-O 6.Be2 d5 7.O-O dxc4 8.Bxc4 Nbd7
9.Bd2 cxd4 10.Nxd4 Ne5 11.Bb3 Bd7 12.Qe2 Nc6 13.Nf3 Rc8 14.a3 Ba5 15.Rfd1 Qb6
16.Bc4 Qd8 17.e4 Ng4 18.Bg5 Qe8 19.Nb5 Bc7 20.Nxc7 Rxc7 21.h3 Nge5 22.Nxe5 Nxe5
23.Bf4 f6 24.Bxe5 fxe5 25.Rd6 Bc8 26.Rad1 h6 27.Bb3 Kh7 28.Qe3 b6 29.Rc1 Rff7
30.Rc3 Qb5 31.Rxc7 Rxc7 32.Rd8 Qc6 33.Kh2 Bb7 34.f3 Bc8 35.h4 Re7 36.Ba4 Qxa4
37.Rxc8 Qd7 38.Qc3 Rf7 39.Kh3 Qd1 40.Qxe5 Rxf3+ 41.gxf3 Qxf3+  1/2-1/2

[Event "TCh-SRB 1st League"]
[Site "Kragujevac SRB"]
[Date "2009.09.10"]
[Round "9"]
[White "Sedlak,N"]
[Black "Antic,De"]
[Result "1/2-1/2"]
[WhiteElo "2571"]
[BlackElo "2518"]

1.d4 e6 2.c4 Nf6 3.Nc3 Bb4 4.Nf3 c5 5.g3 cxd4 6.Nxd4 Ne4 7.Qd3 Bxc3+ 8.bxc3 Nc5
9.Qf3 d6 10.Bg2 e5 11.Nb3 Nba6 12.Ba3 Qc7 13.O-O O-O 14.Rfd1 Be6 15.Nxc5 Nxc5
16.Bxc5 Qxc5 17.Qxb7 Bxc4 18.Qb4 Rac8 19.Rxd6 Bxe2 20.Rd5 Qxc3 21.Qxc3 Rxc3
22.Rxe5 Rc2 23.Re7 a5 24.Bd5 Bg4 25.Bb3 Rc5 26.Rae1 h6 27.Kg2 Be6 28.Bxe6 fxe6
29.Re2 Rf6 30.h4 Kf8 31.R7xe6 Rxe6 32.Rxe6 Rc2 33.a3 Ra2 34.Re3 g6 35.Rf3+ Kg7
36.Kh3 h5 37.Kg2 Kg8 38.Rd3 Kf7 39.Kf3 Ke6 40.Ke3 Ke5 41.f3 a4 42.Rc3 Rb2
43.Rc5+ Kf6 44.Kf4 Rb3 45.g4 Rxa3 46.Rc6+ Kf7 47.Rc7+ Kf8 48.Ra7 Rb3 49.Rxa4 Rb5
50.Re4 hxg4 51.fxg4  1/2-1/2

[Event "ch-RUS HL"]
[Site "Ulan Ude RUS"]
[Date "2009.09.11"]
[Round "9"]
[White "Tregubov,P"]
[Black "Maletin,P"]
[Result "1-0"]
[WhiteElo "2649"]
[BlackElo "2576"]

1.d4 Nf6 2.c4 e6 3.Nc3 Bb4 4.Nf3 b6 5.Bg5 h6 6.Bh4 g5 7.Bg3 Ne4 8.Qc2 Bb7
9.e3 Bxc3+ 10.bxc3 d6 11.Bd3 f5 12.d5 Na6 13.Bxe4 fxe4 14.Qxe4 Qf6 15.O-O O-O-O
16.Qxe6+ Qxe6 17.dxe6 Bxf3 18.gxf3 Nc5 19.f4 gxf4 20.Bxf4 Nxe6 21.Bg3 h5
22.f4 Nc5 23.Rad1 Rde8 24.Rf3 Ne4 25.Be1 Kd7 26.Rd4 Rhf8 27.Rh3 Nf6 28.Bf2 Ng4
29.Rg3 Nh6 30.Rg5 Nf5 31.Rd3 Re4 32.Kg2 Rxc4 33.Kf3 Rf7 34.Rxh5 Ra4 35.Rd2 Rc4
36.Rd3 Ra4 37.Rd2 Rc4 38.Be1 c6 39.Rb2 Ra4 40.e4 Ng7 41.Rh7 d5 42.Re2 dxe4+
43.Rxe4 Rxa2 44.Re5 Ra5 45.Rxa5 bxa5 46.c4 Ke6 47.Bxa5 Nf5 48.Rxf7 Kxf7 49.Ke4 Ke6
50.c5 Nh4 51.Bc3 Nf5 52.Be1 a6 53.Bd2 Ne7 54.Bc3 Nf5 55.Be1 Kf6 56.h4 Ke6
57.h5 a5 58.Bxa5  1-0

[Event "TCh-POL"]
[Site "Lublin POL"]
[Date "2009.09.18"]
[Round "7"]
[White "Gajewski,G"]
[Black "Macieja,B"]
[Result "1/2-1/2"]
[WhiteElo "2572"]
[BlackElo "2612"]

1.d4 Nf6 2.c4 e6 3.Nc3 Bb4 4.Nf3 c5 5.g3 Nc6 6.Bg2 Ne4 7.Bd2 Nxd2 8.Qxd2 cxd4
9.Nxd4 O-O 10.O-O Ne5 11.b3 Qa5 12.Rfc1 Ba3 13.Rc2 a6 14.Ne4 Qxd2 15.Rxd2 Bb4
16.Rdd1 Rb8 17.Nc2 Ba5 18.Nd6 Rd8 19.c5 Nc6 20.Nc4 Bc7 21.b4 Kf8 22.a4 Ne5
23.Nb6 d6 24.a5 Ke7 25.f4 Nd7 26.cxd6+ Bxd6 27.Nc4 Bc7 28.Nd4 Nf6 29.b5 axb5
30.Nxb5 Rxd1+ 31.Rxd1 Bd8 32.Nbd6 Bc7 33.Nb5 Bd8 34.Nbd6 Ra8 35.Nxb7 Bc7
36.Nbd6 Nd5 37.Nxc8+ Rxc8 38.Bxd5 exd5 39.Rxd5 Bxf4 40.Nb6 Be3+ 41.Kg2 Bxb6
42.axb6 Rb8 43.Rb5 Kd6 44.Kf3 Rb7 45.Kf4 Kc6 46.Re5 Rxb6 47.Re8 Kd7 48.Rg8 Rf6+
49.Ke3  1/2-1/2

[Event "TCh-ROU w Superliga"]
[Site "Eforie Nord ROU"]
[Date "2009.09.21"]
[Round "3"]
[White "Danielian,E"]
[Black "Melia,S"]
[Result "1/2-1/2"]
[WhiteElo "2489"]
[BlackElo "2432"]

1.d4 Nf6 2.Nf3 e6 3.c4 Bb4+ 4.Nc3 c5 5.e3 cxd4 6.exd4 d5 7.cxd5 exd5 8.Bd3 O-O
9.O-O Bg4 10.Bg5 Bxc3 11.bxc3 Nbd7 12.Re1 Qa5 13.Qb3 Bxf3 14.gxf3 Rfc8 15.Rac1 Qb6
16.Re7 Qd6 17.Rce1 b6 18.Bf5 Rd8 19.Qb4 Nf8 20.Qxd6 Rxd6 21.Rb7 h6 22.Bf4 Rc6
23.Ree7 Nh5 24.Be5 f6 25.Bb8 Rxc3 26.h4 g5 27.Bg4 Nf4 28.Rg7+ Kh8 29.Rgf7 Kg8
30.Rxf6 Nh7 31.Rxh6 Rxb8 32.Rxb8+ Kg7 33.Rd6 Rc7 34.Bf5 gxh4 35.Bxh7 Kxh7
36.Rf8 Ne2+ 37.Kh2 Nxd4 38.Rf4 Nb5 39.Rxd5 Nc3 40.Rg5 Rc6 41.Rxh4+ Rh6 42.Rxh6+ Kxh6
43.Rg8 a5 44.Rc8 Nxa2 45.Rc6+ Kg5 46.Rxb6 Kf4 47.Rf6+  1/2-1/2

[Event "Inventi GM"]
[Site "Antwerp BEL"]
[Date "2009.09.26"]
[Round "9"]
[White "Sasikiran,K"]
[Black "Timman,J"]
[Result "1/2-1/2"]
[WhiteElo "2661"]
[BlackElo "2588"]

1.d4 Nf6 2.c4 e6 3.Nc3 Bb4 4.Nf3 c5 5.g3 Bxc3+ 6.bxc3 Qa5 7.Bd2 b6 8.Bg2 Bb7
9.O-O O-O 10.d5 Qa6 11.Bg5 Ne4 12.Qc2 f5 13.Bf4 Qxc4 14.Ne5 Qa6 15.dxe6 dxe6
16.Rfd1 Nc6 17.Rd7 Nxe5 18.Bxe5 Rf7 19.Rad1 Bd5 20.Rxf7 Kxf7 21.c4 Qxc4 22.Qxc4 Bxc4
23.Rd7+ Kf8 24.Bf3 g6 25.Rxh7  1/2-1/2

[Event "TCh-ROU Superliga"]
[Site "Eforie Nord ROU"]
[Date "2009.09.27"]
[Round "9"]
[White "Rogozenco,D"]
[Black "Tufa,M"]
[Result "1-0"]
[WhiteElo "2541"]
[BlackElo "2108"]

1.d4 Nf6 2.c4 e6 3.Nc3 Bb4 4.Nf3 Bxc3+ 5.bxc3 c5 6.g3 Qa5 7.Qd3 cxd4 8.Nxd4 a6
9.Bg2 Nc6 10.Nb3 Qc7 11.Bf4 e5 12.Bg5 d6 13.Rd1 Be6 14.Qxd6 Qxd6 15.Rxd6 Ke7
16.c5 Rhd8 17.Rxd8 Nxd8 18.O-O a5 19.f4 h6 20.Bh4 exf4 21.gxf4 a4 22.Nc1 Ra5
23.e4 Ke8 24.e5 Nd7 25.Bxd8 Kxd8 26.c6 bxc6 27.Bxc6 Bd5 28.Bxd7 Kxd7 29.a3 Rb5
30.Rd1 Ke6 31.Ne2 Rb2 32.Nd4+ Kd7 33.Nf5 Rg2+ 34.Kf1 Ra2 35.Rxd5+ Ke6 36.Ne3 Rxa3
37.Rd6+ Ke7 38.Kg1  1-0

[Event "74th ch-ESP Absoluto"]
[Site "Palma de Mallorca ESP"]
[Date "2009.09.30"]
[Round "5"]
[White "Teran Alvarez,I"]
[Black "Garcia Ortega Mendez,J"]
[Result "1/2-1/2"]
[WhiteElo "2432"]
[BlackElo "2277"]

1.d4 Nf6 2.c4 e6 3.Nc3 Bb4 4.Nf3 c5 5.g3 Ne4 6.Qd3 Qa5 7.Qxe4 Bxc3+ 8.Bd2 Bxd2+
9.Nxd2 cxd4 10.Qxd4 O-O 11.Bg2 Nc6 12.Qd6 Qb4 13.Qxb4 Nxb4 14.O-O Rd8 15.a3 Na6
16.b4 d6 17.Rfd1 Kf8 18.Ne4 Ke7 19.Rd2 Nc7 20.Rad1 Ne8 21.Nc3 Rb8 22.c5 b6
23.Nb5 bxc5 24.Nxa7 Bd7 25.bxc5 Ba4 26.cxd6+ Rxd6 27.Rxd6 Nxd6 28.Nc6+ Bxc6
29.Bxc6 Rb6 30.Bf3 Ra6 31.Ra1 Nc4 32.a4 Nb2 33.a5 Nc4 34.Rc1 Nxa5 35.Ra1 Ra7
36.Ra4 Kd6 37.h4 Kc5 38.Kg2 Kb5 39.Ra1 Re7 40.g4 Nc4 41.Ra8 f6 42.Be4 Ne5
43.Kg3 g6 44.f4 Nd7 45.h5 f5 46.Bd3+ Kc5 47.gxf5 gxf5 48.h6 Rf7 49.Ra7 Kc6
50.e4 fxe4 51.Bxe4+ Kd6 52.Bd3 Rf6 53.Bxh7 Rxh6 54.Bd3  1/2-1/2

[Event "1st Francophone Festival"]
[Site "Arvier ITA"]
[Date "2009.10.01"]
[Round "7"]
[White "Arnaudov,G"]
[Black "Chiarotto,F"]
[Result "1-0"]
[WhiteElo "2408"]
[BlackElo "2053"]

1.d4 Nf6 2.Nf3 e6 3.c4 Bb4+ 4.Nc3 O-O 5.Bg5 h6 6.Bh4 d5 7.e3 c5 8.cxd5 exd5
9.Bd3 Bg4 10.O-O c4 11.Bxf6 gxf6 12.Bb1 Bh5 13.Bf5 Nc6 14.Ne2 Bd6 15.Nc3 Ne7
16.Bh3 f5 17.g3 Kh8 18.Bg2 Bb4 19.Ne2 Bd6 20.Qd2 Kg7 21.Ne5 f6 22.Nf4 fxe5
23.Ne6+ Kh7 24.Nxd8 Raxd8 25.dxe5 Bxe5 26.Qb4 Rd7 27.Bxd5 Rxd5 28.Qxe7+ Rf7
29.Qe6 Rc5 30.Rac1 Rfc7 31.b4 Bf7 32.Qxf5+ Bg6 33.Qe6 Bf7 34.Qxf7+ Rxf7 35.bxc5 c3
36.Rfd1 Rc7 37.Rd5 Bg7 38.e4 b6 39.e5  1-0

[Event "Bundesliga 2009-10"]
[Site "Hamburg GER"]
[Date "2009.10.17"]
[Round "1"]
[White "Lauber,A"]
[Black "Ghaem Maghami,E"]
[Result "1-0"]
[WhiteElo "2517"]
[BlackElo "2579"]

1.d4 Nf6 2.c4 e6 3.Nc3 Bb4 4.Nf3 c5 5.g3 Ne4 6.Qd3 Qa5 7.Qxe4 Bxc3+ 8.Bd2 Bxd2+
9.Nxd2 Nc6 10.d5 Nd4 11.Bg2 O-O 12.Qd3 exd5 13.cxd5 d6 14.O-O Bg4 15.Rfe1 Rae8
16.e3 Bf5 17.e4 Bd7 18.a4 b5 19.axb5 Qc7 20.Rec1 Qb8 21.b4 Bxb5 22.Nc4 f5
23.bxc5 dxc5 24.Rcb1 fxe4 25.Bxe4 Qd8 26.Bxh7+ Kh8 27.Rxb5 Nxb5 28.Bg6 Qf6
29.Rf1 Rd8 30.Qe4 Nc3 31.Qg4 Ne2+ 32.Kg2 Kg8 33.Qh5 Nf4+ 34.gxf4  1-0

[Event "17th TCh-Eur"]
[Site "Novi Sad SRB"]
[Date "2009.10.24"]
[Round "3"]
[White "Bacrot,E"]
[Black "Korchnoi,V"]
[Result "1-0"]
[WhiteElo "2709"]
[BlackElo "2566"]

1.d4 e6 2.c4 Nf6 3.Nc3 Bb4 4.Nf3 O-O 5.Bg5 d5 6.cxd5 exd5 7.e3 Nbd7 8.Rc1 c5
9.dxc5 Qa5 10.a3 Bxc3+ 11.Rxc3 Ne4 12.b4 Nxc3 13.Qa1 Qa4 14.Qxc3 a5 15.b5 b6
16.c6 Nc5 17.Be2 Re8 18.O-O Bg4 19.Bd1 Ne4 20.Qb2 Qc4 21.Be2 Qc5 22.Rc1 Qd6
23.Bf4 Qe7 24.h3 Bh5 25.Rd1 Qf6 26.Qxf6 Nxf6 27.Nd4 Bxe2 28.Nxe2 Rad8 29.Bc7 Rc8
30.Bxb6 Rb8 31.Bxa5 Rxb5 32.Bb4 Rb6 33.Nd4 Kh8 34.h4 Ra6 35.Rc1 Rc8  1-0

[Event "17th TCh-Eur"]
[Site "Novi Sad SRB"]
[Date "2009.10.25"]
[Round "4"]
[White "Conquest,S"]
[Black "Cornette,M"]
[Result "1/2-1/2"]
[WhiteElo "2563"]
[BlackElo "2577"]

1.d4 Nf6 2.c4 e6 3.Nc3 Bb4 4.Nf3 d5 5.e3 O-O 6.Bd3 c5 7.O-O Nc6 8.a3 Bxc3
9.bxc3 dxc4 10.Bxc4 Qc7 11.h3 e5 12.Bb2 Bf5 13.Qe2 Rad8 14.Bb5 e4 15.Nd2 Bg6
16.Rfc1 Na5 17.c4 cxd4 18.Bxd4 Nd7 19.c5 Ne5 20.Rab1 a6 21.Bc4 Nac6 22.Bc3 Qe7
23.Ba2 Nd3 24.Rc2 Nxc5 25.Nc4 Nd3 26.Qg4 b5 27.Na5 Nce5 28.Qg3 Rc8 29.Bb3 Qxa3
30.Ra1 Qe7 31.Bd4 Rxc2 32.Bxc2 Rc8 33.Bb3 h5 34.h4 Qc7 35.Bd1 Ng4 36.Qxc7 Rxc7
37.f3 Nge5 38.Nb3 Rc6 39.Kh2 f6 40.Na5 Rc1 41.Rxc1 Nxc1 42.Kg3 Ned3 43.fxe4 Bxe4
44.Bxh5 b4 45.Bg4 f5 46.Bd1 Bd5 47.Bf3 Bf7 48.Bb7 Ne2+ 49.Kf3 Nxd4+ 50.exd4 b3
51.Nxb3 Bxb3 52.Bxa6 Bd5+ 53.Ke3 Nb4 54.Bc8 Nc2+ 55.Kf4 Nxd4 56.Ke5 Nc6+
57.Kxd5 Ne7+ 58.Ke6 Nxc8 59.Kxf5 Kf7 60.g4 Ne7+ 61.Kg5 Ng6 62.h5 Nf8 63.Kf5 Ne6
64.g5 Nd4+ 65.Ke5 Nc6+ 66.Kf5 Nd8 67.Ke5 Kg8 68.Kf5 Kf7 69.Ke5 Nc6+ 70.Kf5 Ne7+
71.Ke5 Ke8 72.h6  1/2-1/2

[Event "Open"]
[Site "Liberec CZE"]
[Date "2009.10.26"]
[Round "3"]
[White "Natsidis,C"]
[Black "Michalek,Mic"]
[Result "1/2-1/2"]
[WhiteElo "2313"]
[BlackElo "2143"]

1.c4 Nf6 2.d4 e6 3.Nf3 Bb4+ 4.Nc3 b6 5.Qb3 c5 6.Bg5 h6 7.Bh4 Bb7 8.Rd1 g5
9.Bg3 Ne4 10.e3 Nxg3 11.hxg3 Qf6 12.Be2 Na6 13.O-O Bxc3 14.Qxc3 d6 15.Qd2 Rd8
16.d5 e5 17.Nh2 Qg7 18.f4 gxf4 19.gxf4 Rg8 20.Bh5 e4 21.Qc2 Kf8 22.Qxe4 Re8
23.Qc2 Rxe3 24.Bf3 Bc8 25.Qf2 Re7 26.Qh4 Nc7 27.Rfe1 f6 28.Nf1 Ke8 29.Nd2 Bf5
30.Qh5+ Qg6 31.Qxg6+ Bxg6 32.Be4 f5 33.Bf3 Rxe1+ 34.Rxe1+ Kf7 35.Kf2 Re8
36.Rh1 Kg7 37.Nf1 Re7 38.Ne3 Ne8 39.Re1 Kf8 40.Bd1 Nf6 41.Bc2 Ne4+ 42.Bxe4 Rxe4
43.g3 Rd4 44.Rd1 Rxd1 45.Nxd1 Ke7 46.Ne3 Kf6 47.Ke2 Be8 48.Kd3 Bd7 49.Ng2 b5
50.b3 b4 51.Nh4 a5 52.Kc2 Be8 53.Kb2 a4 54.a3 bxa3+ 55.Kxa3 axb3 56.Kxb3 Bd7
57.Ka3  1/2-1/2

[Event "17th TCh-Eur"]
[Site "Novi Sad SRB"]
[Date "2009.10.27"]
[Round "6"]
[White "L'Ami,E"]
[Black "Cornette,M"]
[Result "1-0"]
[WhiteElo "2606"]
[BlackElo "2577"]

1.d4 Nf6 2.c4 e6 3.Nc3 Bb4 4.Nf3 d5 5.Bg5 h6 6.Bxf6 Qxf6 7.Qb3 c5 8.cxd5 exd5
9.e3 O-O 10.dxc5 Bxc3+ 11.Qxc3 Qxc3+ 12.bxc3 Nd7 13.Rd1 Nxc5 14.Rxd5 b6 15.Rd4 Bb7
16.Bc4 Rac8 17.O-O Rfe8 18.Nd2 Re7 19.Rc1 Rec7 20.h4 Kf8 21.f3 a6 22.Be2 b5
23.c4 Ne6 24.Rd3 bxc4 25.Rdc3 Bd5 26.Bxc4 Nd8 27.Rd3 Be6 28.Rd1 Bxc4 29.Nxc4 Rxc4
30.Rxd8+ Rxd8 31.Rxd8+ Ke7 32.Rd4 Rc1+ 33.Kh2 Rc3 34.e4 Ra3 35.Rd2 Ke6 36.Rb2 f5
37.Rb6+ Ke5 38.exf5 Kxf5 39.h5 Rxa2 40.Rg6 Kf4 41.Rxg7 Ra5 42.g4 Kxf3 43.Kh3 Ra1
44.Rf7+ Ke4 45.Rf6 a5 46.Rxh6 Kf4 47.Rf6+ Kg5 48.Rf5+ Kh6 49.Rb5 a4 50.Kg3 Rg1+
51.Kf3 a3 52.Ra5 Rf1+ 53.Kg2 Ra1 54.Kh2 a2 55.Kg2 Kg7 56.Ra6 Kg8 57.Ra7 Kh8
58.Kh2 Kg8 59.g5 Kh8 60.Ra8+ Kg7 61.h6+ Kg6 62.Ra6+  1-0

[Event "World Seniors"]
[Site "Condino ITA"]
[Date "2009.10.28"]
[Round "2"]
[White "Toefferl,H"]
[Black "Busu,C"]
[Result "1/2-1/2"]
[WhiteElo "2121"]
[BlackElo "2320"]

1.d4 Nf6 2.c4 e6 3.Nc3 Bb4 4.Nf3 b6 5.Bg5 Bb7 6.e3 O-O 7.Bd3 h6 8.Bh4 d5
9.cxd5 exd5 10.O-O Be7 11.Ne5 Nbd7 12.f4 Ne4 13.Bxe4 dxe4 14.Qb3 Kh7 15.Qc2 f5
16.Rad1  1/2-1/2

[Event "17th TCh-Eur"]
[Site "Novi Sad SRB"]
[Date "2009.10.30"]
[Round "9"]
[White "Gajewski,G"]
[Black "Babula,V"]
[Result "1-0"]
[WhiteElo "2572"]
[BlackElo "2569"]

1.d4 Nf6 2.c4 e6 3.Nc3 Bb4 4.Nf3 b6 5.e3 Bb7 6.Bd3 O-O 7.O-O c5 8.Na4 cxd4
9.exd4 Re8 10.a3 Bf8 11.b4 d6 12.Bb2 Nbd7 13.Re1 g6 14.Bf1 Bg7 15.Rc1 Rc8
16.Qb3 Rc7 17.Qe3 Qa8 18.h3 Bxf3 19.Qxf3 Qxf3 20.gxf3 Nh5 21.Nc3 a6 22.Ne4 Bf8
23.c5 dxc5 24.dxc5 bxc5 25.Bxa6 Ra7 26.Bb5 cxb4 27.Bd4 Rb7 28.a4 Rd8 29.Red1 Be7
30.Be3 Kg7 31.Nd6 Rbb8 32.Bxd7 Rxd7 33.Ne8+ Rxe8 34.Rxd7 Nf6 35.Bd4 Kf8 36.Rb7 Nd5
37.a5 Ra8 38.a6 e5 39.a7  1-0

[Event "WJun"]
[Site "Puerto Madryn ARG"]
[Date "2009.10.30"]
[Round "9"]
[White "Alvarez Ramirez,M"]
[Black "Ramos,Va"]
[Result "1-0"]
[WhiteElo "2259"]
[BlackElo "1915"]

1.d4 Nf6 2.c4 e6 3.Nc3 Bb4 4.Nf3 b6 5.Bg5 Bb7 6.e3 d6 7.Qa4+ Nc6 8.d5 exd5
9.cxd5 Nxd5 10.Bxd8 Nxc3 11.bxc3 Bxc3+ 12.Kd1 Bxa1 13.Bb5 Kd7 14.Ke2  1-0

[Event "TCh-NED 2009-10"]
[Site "Netherlands NED"]
[Date "2009.10.31"]
[Round "2"]
[White "Krudde,F"]
[Black "Willemze,T"]
[Result "0-1"]
[WhiteElo "2320"]
[BlackElo "2391"]

1.d4 Nf6 2.c4 e6 3.Nc3 Bb4 4.Nf3 d5 5.cxd5 exd5 6.Qa4+ Nc6 7.Bg5 h6 8.Bxf6 Qxf6
9.e3 O-O 10.a3 Bxc3+ 11.bxc3 Qg6 12.Be2 Qxg2 13.Rg1 Qh3 14.O-O-O Qf5 15.Rg3 Kh8
16.Bd3 Qf6 17.Rdg1 Bf5 18.Bxf5 Qxf5 19.Qd1 Rg8 20.Nh4 Qf6 21.Qh5 g5 22.Rf3 Qe6
23.Nf5 Rg6 24.h4 Ne7 25.Nxe7 Qxe7 26.Rxg5 Qxa3+ 27.Kd1 Qb3+ 28.Ke1 Qb1+ 29.Ke2 Qb5+
30.Kd2 Ra6 31.e4 Qb2+ 32.Ke3 Qxc3+ 33.Kf4 Rf6+ 34.Rf5 Qd2+ 35.Ke5 Re6+ 36.Kxd5 Rd8+
37.Kc4 Rxd4+  0-1

[Event "13th OIBM"]
[Site "Bad Wiessee GER"]
[Date "2009.11.01"]
[Round "2"]
[White "Lodes,H"]
[Black "Bromberger,S"]
[Result "0-1"]
[WhiteElo "2151"]
[BlackElo "2518"]

1.d4 Nf6 2.c4 e6 3.Nc3 Bb4 4.Nf3 c5 5.Bd2 cxd4 6.Nxd4 Nc6 7.Nc2 Be7 8.e4 O-O
9.Be3 b6 10.Be2 Bb7 11.O-O d6 12.f4 a6 13.Bf3 Qc7 14.Rc1 Rac8 15.b3 Rfe8
16.Qd2 Nb8 17.Ne1 Nbd7 18.Nd3 h6 19.Qf2 Nh7 20.Bd4 Nc5 21.Qg3 Bf6 22.e5 dxe5
23.Bxe5 Bxe5 24.Nxe5 Nf6 25.Ng4 Nxg4 26.Qxg4 Rcd8 27.Rcd1 b5 28.cxb5 axb5
29.Kh1 b4 30.Ne2 Nd3 31.Ng3 f5 32.Qh5 Nxf4 33.Qh4 Bxf3 34.gxf3 Qc2 35.Qxf4 Rxd1
36.Qxb4 Rxf1+ 37.Nxf1 Qe2 38.Kg1 Rd8  0-1

[Event "TCh-AUT 2009-10"]
[Site "Jenbach AUT"]
[Date "2009.11.06"]
[Round "1"]
[White "Kuthan,A"]
[Black "Schlosser,P"]
[Result "0-1"]
[WhiteElo "2220"]
[BlackElo "2556"]

1.d4 Nf6 2.c4 e6 3.Nc3 Bb4 4.Nf3 c5 5.g3 Ne4 6.Qd3 cxd4 7.Nxd4 Nxc3 8.bxc3 Be7
9.Bg2 O-O 10.O-O Na6 11.Rd1 Nc5 12.Qe3 Qa5 13.Bd2 Na4 14.Rab1 Qc7 15.Qd3 a6
16.Bf4 d6 17.Nb3 Rd8 18.c5 Nxc5 19.Nxc5 Qxc5 20.Bxb7 Bxb7 21.Rxb7 Bf8 22.Qf3 Qf5
23.e4 Qf6 24.Qe3 h6 25.Qd3 Rac8 26.Qxa6 Qxc3 27.Rc1 Qf3 28.Rcc7 Rxc7 29.Rxc7 Qxe4
30.Qa7 Ra8 31.Qb7 Qxb7 32.Rxb7 Rxa2 33.Be3 Ra8  0-1